[Event "RUS-chT U14"]
[Site "Sochi"]
[Date "2015.05.01"]
[Round "1.4"]
[White "Tishkin, Boris"]
[Black "Suvorov, Aleksandr1"]
[Result "0-1"]
[WhiteElo "1529"]
[BlackElo "1809"]
[PlyCount "120"]
[EventDate "2015.05.01"]
[EventType "team-swiss"]
[EventRounds "7"]
[EventCountry "RUS"]
[SourceTitle "EXT 2018"]
[Source "ChessBase"]
[SourceDate "2017.10.13"]
[SourceVersion "1"]
[SourceVersionDate "2017.10.13"]
[SourceQuality "1"]

1. d4 d5 2. Bf4 Nf6 3. c4 c5 4. dxc5 e6 5. Nc3 Bxc5 6. e3 0-0 7. Nf3 Qa5 8. a3 Ne4 9. b4 Nxc3 10. Qb3 Bxb4 11. Qxb4 Qxb4 12. axb4 dxc4 13. Bxc4 Bd7 14. Rc1 Nd5 15. Bxd5 exd5 16. 0-0 Na6 17. Nd4 Rfc8 18. Bd6 b6 19. h3 f6 20. h4 Kf7 21. Rfe1 g6 22. Rxc8 Bxc8 23. Ra1 Bb7 24. Rc1 Rd8 25. Bc7 Rd7 26. Nb5 Nxc7 27. Nxc7 a6 28. b5 a5 29. Na6 Bxa6 30. bxa6 Ra7 31. Kf1 Ke7 32. Rc6 Rxa6 33. Rc7+ Kd6 34. Rxh7 a4 35. Rh8 a3 36. Rd8+ Kc7 37. Rxd5 a2 38. Rd1 a1Q 39. Rxa1 Rxa1+ 40. Ke2 Rc1 41. g4 b5 42. h5 gxh5 43. gxh5 Rh1 44. Kd3 Rxh5 45. f4 Rc5 46. Kd4 Kd6 47. e4 Rc4+ 48. Kd3 Kc5 49. e5 fxe5 50. fxe5 Kd5 51. Ke3 Kxe5 52. Kd3 Kd5 53. Ke3 b4 54. Kd3 b3 55. Ke3 b2 56. Kd3 b1Q+ 57. Ke3 Rb4 58. Kd2 Qb3 59. Kc1 Qc3+ 60. Kd1 Rb1+ 0-1